<?xml version="1.0" encoding="UTF-8"?><?xml-stylesheet type="text/xsl" href="static/style.xsl"?><OAI-PMH xmlns="http://www.openarchives.org/OAI/2.0/" xmlns:xsi="http://www.w3.org/2001/XMLSchema-instance" xsi:schemaLocation="http://www.openarchives.org/OAI/2.0/ http://www.openarchives.org/OAI/2.0/OAI-PMH.xsd"><responseDate>2026-06-05T12:52:40Z</responseDate><request verb="GetRecord" identifier="oai:riuma.uma.es:10630/5214" metadataPrefix="marc">https://riuma.uma.es/rest/oai/request</request><GetRecord><record><header><identifier>oai:riuma.uma.es:10630/5214</identifier><datestamp>2026-02-03T12:55:31Z</datestamp><setSpec>com_10630_4717</setSpec><setSpec>com_10630_3139</setSpec><setSpec>com_10630_10</setSpec><setSpec>col_10630_5185</setSpec></header><metadata><record xmlns="http://www.loc.gov/MARC21/slim" xmlns:dcterms="http://purl.org/dc/terms/" xmlns:doc="http://www.lyncode.com/xoai" xmlns:xsi="http://www.w3.org/2001/XMLSchema-instance" xsi:schemaLocation="http://www.loc.gov/MARC21/slim http://www.loc.gov/standards/marcxml/schema/MARC21slim.xsd">
   <leader>00925njm 22002777a 4500</leader>
   <datafield ind2=" " ind1=" " tag="042">
      <subfield code="a">dc</subfield>
   </datafield>
   <datafield ind2=" " ind1=" " tag="720">
      <subfield code="a">Caerols Mateo, Raquel</subfield>
      <subfield code="e">author</subfield>
   </datafield>
   <datafield ind2=" " ind1=" " tag="260">
      <subfield code="c">2012</subfield>
   </datafield>
   <datafield ind2=" " ind1=" " tag="520">
      <subfield code="a">Los museos son una de las instituciones más antiguas creadas por el hombre. La necesidad&#xd;
de conservación y posterior difusión de las riquezas artísticas y culturales se manifiesta&#xd;
desde la antigua Grecia, y llega hasta nuestros días con un enfoque más institucional y social. Los museos están viviendo una transformación en su identidad, centrada durante siglos en la&#xd;
conservación, para dejar paso, no solo a la exposición, sino a nuevo papel en la sociedad.&#xd;
Estas instituciones se han convertido en agentes vivos, que reclaman una identidad propia,&#xd;
una marca, y sobre todo, gestionar su comunicación de manera estratégica para conseguir&#xd;
relaciones estables con sus públicos y la sociedad en general.</subfield>
   </datafield>
   <datafield ind1="8" ind2=" " tag="024">
      <subfield code="a">2174-3681</subfield>
   </datafield>
   <datafield ind1="8" ind2=" " tag="024">
      <subfield code="a">http://hdl.handle.net/10630/5214</subfield>
   </datafield>
   <datafield tag="653" ind2=" " ind1=" ">
      <subfield code="a">Museos - Relaciones públicas - Auditoría</subfield>
   </datafield>
   <datafield ind2="0" ind1="0" tag="245">
      <subfield code="a">La Gestión de la Comunicación en los Museos De Madrid: Auditoría de Relaciones Públicas, de Mónica Viñarás</subfield>
   </datafield>
</record>
</metadata></record></GetRecord></OAI-PMH>